Electronics Companies by One of Their Products #1 - Statistics

General Stats
  • This quiz has been taken 48 times
  • The average score is 6 of 10
Answer Stats
Hint Answer % Correct
iPad Apple
100%
Galaxy Samsung
95%
Pixel Google
86%
IdeaPad Lenovo
60%
Echo Amazon
55%
Inspiron Dell
55%
Aspire Switch Acer
50%
Pavilion Hewlett-Packard
48%
Zenbook Asus
43%
Satellite Toshiba
31%
No matching quizzes found
Score Distribution
Percent of People with Each Score
Percentile by Number Answered
Your Score History
You have not taken this quiz